Flags of Countries that Border Afghanistan - Statistics

General Stats
  • This quiz has been taken 55 times
  • The average score is 5 of 6
Answer Stats
Picture Answer % Correct
China
100%
Pakistan
93%
Iran
91%
Tajikistan
84%
Turkmenistan
84%
Uzbekistan
82%
No matching quizzes found
Score Distribution
Percent of People with Each Score
Percentile by Number Answered
Your Score History
You have not taken this quiz